[Event "AUTO-ADV-1644"]
[Site "http://www.queenalice.com/game.php?id=727723"]
[Date "2010.2.7"]
[Round "1"]
[White "miltonloviski"]
[Black "peace"]
[Result "1-0"]
[WhiteElo "1922"]
[BlackElo "1717"]

1. e4 e5 2. Qf3 d6 3. Bc4 Nf6 4. h3 Be7 5. g4 g5 6. d3 Bd7 7. Bxg5 h6 8. Bxf6
Bxf6 9. Nc3 Bc6 10. Bd5 Bxd5 11. Nxd5 Be7 12. Ne2 c6 13. Nxe7 Qxe7 14. Ng3 Nd7
15. Nf5 Qf8 16. O-O-O f6 17. d4 exd4 18. Rxd4 d5 19. exd5 c5 20. Re4+ Ne5 21.
Ne3 Kd7 22. Qf5+ Kd6 23. Qe6+ Kc7 24. Rxe5 fxe5 25. Qxe5+ Qd6 26. f4 Qxe5 27.
fxe5 Rae8 28. e6 Kd6 29. c4 h5 30. g5 Reg8 31. h4 Rg6 32. Rf1 Ke7 33. Rf7+ Kd6
34. Rxb7 Ra8 35. Ng2 Rf8 36. Ne1 Ra8 37. Nd3 Rgg8 38. Rd7# 1-0

[Event "AUTO-ADV-1644"]
[Site "http://www.queenalice.com/game.php?id=727724"]
[Date "2010.2.7"]
[Round "1"]
[White "peace"]
[Black "cristiane4"]
[Result "0-1"]
[WhiteElo "1732"]
[BlackElo "1815"]

1. Nf3 d5 2. d4 Nc6 3. e3 a6 4. Be2 e6 5. O-O Nf6 6. Nc3 Bb4 7. a3 Ba5 8. Bd2
O-O 9. b4 Bb6 10. Na4 Ba7 11. b5 axb5 12. Nb2 Ne7 13. Bb4 b6 14. Bxe7 Qxe7 15.
c3 c5 16. Bxb5 Bb7 17. Ne5 Bb8 18. f4 Bxe5 19. fxe5 Ne4 20. Qc2 Qg5 21. Rf3 Rac8
22. Bd3 cxd4 23. Bxe4 dxe4 24. Rg3 Qh4 25. exd4 f5 26. Na4 f4 27. Rh3 Qg5 28.
Rf1 f3 29. g3 f2+ 30. Rxf2 Rxf2 31. Qxf2 Qc1+ 32. Qf1 Qc2 33. Nxb6 Rxc3 34. Nd7
Rf3 35. Qe1 e3 36. Nc5 Bd5 37. Rh4 Rf2 38. Qxf2 Qxf2# 0-1

[Event "AUTO-ADV-1644"]
[Site "http://www.queenalice.com/game.php?id=727725"]
[Date "2010.2.7"]
[Round "1"]
[White "cristiane4"]
[Black "peace"]
[Result "1-0"]
[WhiteElo "1867"]
[BlackElo "1621"]

1. d4 d5 2. c4 dxc4 3. Nc3 c5 4. dxc5 Qa5 5. Be3 e6 6. Qa4+ Qxa4 7. Nxa4 Bd7 8.
b3 cxb3 9. axb3 Bxa4 10. Rxa4 Nc6 11. Nf3 Nf6 12. g3 Be7 13. Bg2 O-O 14. O-O Nd5
15. Bd2 Bxc5 16. Rc1 Bb6 17. e3 Rac8 18. Nd4 Nxd4 19. exd4 Rxc1+ 20. Bxc1 Nc3
21. Rc4 Ne2+ 22. Kf1 Nxc1 23. Rxc1 Bxd4 24. Bxb7 g5 25. b4 Rb8 26. Rc7 Bc3 27.
b5 Be5 28. Rd7 Kf8 29. Bc6 h5 30. Ke2 Kg7 31. Kd3 Bf6 32. Rxa7 Rd8+ 33. Kc4 Bd4
34. Ra2 e5 35. f4 gxf4 36. gxf4 1-0

[Event "AUTO-OPEN-1744"]
[Site "http://www.queenalice.com/game.php?id=736164"]
[Date "2010.2.22"]
[Round "2"]
[White "merth"]
[Black "peace"]
[Result "1-0"]
[WhiteElo "2419"]
[BlackElo "1718"]

1. e4 e5 2. Nf3 d6 3. Nc3 Bg4 4. d4 exd4 5. Qxd4 Bxf3 6. gxf3 Nc6 7. Qa4 a6 8.
Nd5 Ne7 9. Be3 b5 10. Bxb5 axb5 11. Qxa8 Qxa8 12. Nxc7+ Kd7 13. Nxa8 g6 14. Nb6+
Kc7 15. O-O-O f5 16. Nd5+ Nxd5 17. Rxd5 Bg7 18. Rhd1 Rd8 19. Rxb5 Rb8 20. Rxb8
Nxb8 21. exf5 gxf5 22. Rd5 Be5 23. f4 Kc6 24. c4 Na6 25. fxe5 dxe5 26. Rxe5 Nb4
27. Rxf5 Nxa2+ 28. Kd2 Nb4 29. Rb5 Na6 30. Rb6+ 1-0

[Event "AUTO-OPEN-1744"]
[Site "http://www.queenalice.com/game.php?id=736165"]
[Date "2010.2.22"]
[Round "2"]
[White "peace"]
[Black "merth"]
[Result "0-1"]
[WhiteElo "1716"]
[BlackElo "2422"]

1. e4 c5 2. d3 Nc6 3. Nf3 Nf6 4. Be2 d5 5. e5 Ng4 6. Bf4 g5 7. Nxg5 Ngxe5 8.
Bxe5 Nxe5 9. Bh5 Bh6 10. f4 Bxg5 11. fxe5 Qb6 12. b3 Qb4+ 13. Nd2 Bxd2+ 14. Qxd2
Qh4+ 15. g3 Qxh5 16. O-O Bh3 17. Rfe1 d4 18. Qe2 Qxe2 19. Rxe2 a5 20. a4 Kd7 21.
Rf2 Ke6 22. Re1 Rhg8 23. Re4 Rg5 24. Rfe2 Rag8 25. Re1 Rg4 26. Rxg4 Rxg4 27. Kf2
Rg5 28. Re2 Rxe5 29. Rxe5+ Kxe5 30. Kf3 Kf5 0-1

[Event "AUTO-OPEN-1744"]
[Site "http://www.queenalice.com/game.php?id=736170"]
[Date "2010.2.22"]
[Round "2"]
[White "peace"]
[Black "josa23"]
[Result "0-1"]
[WhiteElo "1744"]
[BlackElo "1905"]

1. e4 e5 2. d3 Nc6 3. Nf3 Nf6 4. Be2 Bc5 5. O-O d6 6. Bg5 h6 7. Bxf6 Qxf6 8. Nc3
Bg4 9. h3 Bxf3 10. Bxf3 O-O 11. Nd5 Qd8 12. a3 Nd4 13. c3 Ne6 14. b4 Bb6 15.
Nxb6 axb6 16. Bg4 Ng5 17. c4 c5 18. b5 Qf6 19. h4 Ne6 20. Bxe6 fxe6 21. g3 Rad8
22. a4 Qg6 23. Kh2 Rf6 24. Qd2 Rdf8 25. f3 Rxf3 26. Rxf3 Rxf3 27. Rg1 Qf6 28.
Rg2 g5 29. Qe2 Kh7 30. hxg5 hxg5 31. Kg1 Kg6 32. g4 Qf4 33. Kh1 Rf1+ 34. Rg1
Qf3+ 35. Qxf3 Rxf3 36. Rd1 Rg3 37. Rf1 Rxd3 38. Rf8 Rd4 39. Rb8 Rxc4 40. Rxb7
Rxa4 41. Rxb6 Rxe4 42. Rxd6 Kf7 43. b6 Rxg4 44. b7 Rb4 45. Rd7+ Kf6 46. Rc7 c4
47. b8=Q Rxb8 48. Rxc4 Kf5 49. Kg2 Rb3 50. Kf2 e4 51. Rc5+ Kf4 52. Ke2 Rb2+ 53.
Kf1 g4 54. Rc3 e3 55. Rc4+ Kf3 56. Rc1 g3 57. Kg1 Rg2+ 58. Kh1 e2 59. Rc3+ Kf2
60. Rc1 Rh2# 0-1

[Event "AUTO-OPEN-1744"]
[Site "http://www.queenalice.com/game.php?id=736171"]
[Date "2010.2.22"]
[Round "2"]
[White "josa23"]
[Black "peace"]
[Result "1-0"]
[WhiteElo "1848"]
[BlackElo "1701"]

1. e4 e5 2. Nf3 d6 3. Bc4 Nf6 4. Ng5 Be6 5. Bxe6 fxe6 6. Nxe6 Qe7 7. Nxf8 Qxf8
8. d3 Nc6 9. Bg5 O-O-O 10. Nc3 h6 11. Bxf6 Qxf6 12. Qd2 Nd4 13. O-O-O g5 14. Nd5
Qe6 15. c3 Nc6 16. Kb1 Ne7 17. Nxe7+ Qxe7 18. f3 h5 19. d4 exd4 20. cxd4 g4 21.
Qa5 a6 22. Rc1 Rd7 23. Rc3 gxf3 24. gxf3 h4 25. Rhc1 c6 26. d5 c5 27. b4 b6 28.
Qxb6 Rc7 29. bxc5 Rb7 30. cxd6+ Kb8 31. dxe7 Rxb6+ 32. Ka1 Re8 33. Rc7 Rb7 34.
d6 Rxc7 35. Rxc7 Rg8 36. e5 1-0

[Event "AUTO-INT-1512"]
[Site "http://www.queenalice.com/game.php?id=740642"]
[Date "2010.3.3"]
[Round "2"]
[White "chessfourme"]
[Black "peace"]
[Result "1-0"]
[WhiteElo "1842"]
[BlackElo "1695"]

1. Nf3 b6 2. d4 Bb7 3. e3 d5 4. c4 c6 5. Nc3 Nf6 6. Be2 g6 7. O-O Bg7 8. b3 O-O
9. Bb2 c5 10. Rc1 dxc4 11. Bxc4 e6 12. Be2 Nbd7 13. dxc5 bxc5 14. Qc2 Bxf3 15.
Bxf3 Rb8 16. Rfd1 a5 17. Na4 Qc7 18. Nxc5 Nxc5 19. Qxc5 Qxc5 20. Rxc5 Rbd8 21.
Rxa5 Rxd1+ 22. Bxd1 1-0

[Event "AUTO-INT-1512"]
[Site "http://www.queenalice.com/game.php?id=740643"]
[Date "2010.3.3"]
[Round "2"]
[White "peace"]
[Black "chessfourme"]
[Result "0-1"]
[WhiteElo "1666"]
[BlackElo "1852"]

1. d4 d5 2. e3 Nf6 3. Nc3 Bf5 4. Nf3 e6 5. a3 Be7 6. Ne5 O-O 7. Bd3 Bxd3 8. Nxd3
Nbd7 9. Bd2 c5 10. b3 cxd4 11. exd4 Rc8 12. O-O b6 13. Nb5 a6 14. Nc3 b5 15. b4
Nb6 16. Bg5 Nc4 17. h3 h6 18. Bxf6 Bxf6 19. Nc5 a5 20. Nxb5 Qe8 0-1

[Event "AUTO-INT-1512"]
[Site "http://www.queenalice.com/game.php?id=740646"]
[Date "2010.3.3"]
[Round "2"]
[White "Stewart_The_Great"]
[Black "peace"]
[Result "0-1"]
[WhiteElo "1656"]
[BlackElo "1761"]

1. e4 e5 2. Qf3 d6 3. Bc4 Qf6 4. Qc3 Nh6 5. d3 Ng4 6. Qd2 Be7 7. f3 Nh6 8. Na3
O-O 9. g4 Qh4+ 10. Qf2 Qxf2+ 11. Kxf2 Bh4+ 12. Kf1 Nc6 13. Nb5 Bd8 14. Nh3 a6
15. Bxh6 gxh6 16. Rg1 axb5 17. Bxb5 Nd4 18. Rc1 Nxb5 19. c4 Nd4 20. Rg3 Bh4 21.
Rg2 Nxf3 22. Ng1 Nxg1 23. Kxg1 Bg5 24. Rf1 Rxa2 25. Rff2 Be3 26. g5 Bxf2+ 27.
Rxf2 hxg5 28. b3 Rxf2 29. Kxf2 f5 30. exf5 Rxf5+ 31. Kg3 Rf1 32. Kg2 Rb1 33. Kg3
Rxb3 34. Kf3 Rxd3+ 35. Ke4 Rd2 36. Ke3 Rxh2 37. Ke4 g4 38. Kd5 g3 39. c5 dxc5
40. Kxe5 g2 41. Kd5 g1=Q 42. Kc4 Qd4+ 43. Kb5 Rb2+ 44. Ka5 Qb4# 0-1

[Event "AUTO-INT-1512"]
[Site "http://www.queenalice.com/game.php?id=740647"]
[Date "2010.3.3"]
[Round "2"]
[White "peace"]
[Black "Stewart_The_Great"]
[Result "0-1"]
[WhiteElo "1643"]
[BlackElo "1655"]

1. d4 e6 2. d5 Bc5 3. dxe6 fxe6 4. e3 c6 5. Qh5+ g6 6. Qd1 d5 7. Nf3 Nh6 8. Ne5
Qf6 9. f4 g5 10. Ng4 Qg6 11. Nxh6 Qxh6 12. g4 Qh4+ 13. Kd2 Qf2+ 14. Qe2 Bxe3+
15. Kd1 Qxf4 16. Bxe3 Qb4 17. b3 Qe4 18. Bxg5 Qxh1 19. Nd2 Rg8 20. Nf3 Rf8 21.
Nd2 Qg1 22. c3 Qc5 23. Kc2 d4 24. Qd3 Qxg5 25. Qxd4 Rf4 26. Ne4 Qg6 27. Bd3 Qxg4
28. Qh8+ Rf8 29. Nd6+ Ke7 30. Nxc8+ Rxc8 31. Qxc8 Qg2+ 32. Kb1 Qg1+ 33. Kb2
Qxh2+ 34. Bc2 b5 35. Qb7+ Nd7 36. Qxa8 b4 37. Qxc6 Qe5 38. Rh1 Qxc3+ 39. Qxc3
bxc3+ 40. Kxc3 a5 41. Rxh7+ Kd6 42. b4 axb4+ 43. Kxb4 Nc5 44. a4 Nxa4 45. Bxa4
e5 0-1

[Event "AUTO-INT-1512"]
[Site "http://www.queenalice.com/game.php?id=740648"]
[Date "2010.3.3"]
[Round "2"]
[White "Gansothedark"]
[Black "peace"]
[Result "0-1"]
[WhiteElo "1498"]
[BlackElo "1755"]

1. e4 e5 2. Nf3 d6 3. Bc4 Bg4 4. O-O Bxf3 5. Qxf3 Nf6 6. Qb3 d5 7. exd5 Bd6 8.
Qxb7 Nbd7 9. d3 O-O 10. Qb3 Nb6 11. Bg5 h6 12. Bh4 Nxc4 13. Qxc4 g5 14. Bg3 Nh5
15. Qg4 Nf6 16. Qc4 Qb8 17. b3 Qb4 18. Qxb4 Bxb4 19. a3 Bd6 20. Nd2 Nxd5 21. c4
Ne7 22. Rfe1 Ng6 23. b4 f6 24. c5 Be7 25. Re4 a5 26. Nb3 axb4 27. axb4 Rxa1+ 28.
Nxa1 c6 29. Bxe5 fxe5 30. Nc2 Rd8 31. Re3 Ra8 32. h3 Kf7 33. d4 exd4 34. Nxd4
Bd8 35. Nxc6 Bc7 36. b5 Ra1+ 37. Re1 Rxe1# 0-1

[Event "AUTO-INT-1512"]
[Site "http://www.queenalice.com/game.php?id=740649"]
[Date "2010.3.3"]
[Round "2"]
[White "peace"]
[Black "Gansothedark"]
[Result "0-1"]
[WhiteElo "1773"]
[BlackElo "1448"]

1. d4 d5 2. e3 Nf6 3. Nf3 Bg4 4. h3 Bh5 5. Be2 e6 6. g4 Bg6 7. Nc3 Bb4 8. Bd2
O-O 9. a3 Qd6 10. axb4 Qxb4 11. Nxd5 Qd6 12. Nc3 Nc6 13. Bb5 a6 14. Bxc6 Qxc6
15. b4 Rad8 16. Ne2 Qd5 17. Nf4 Qe4 18. c3 Nd5 19. Nxd5 Qxd5 20. O-O Be4 21. Kg2
f5 22. Rg1 fxg4 23. Kf1 Bxf3 24. Qe1 gxh3 25. e4 Bxe4 26. Qe3 h2 27. Ra5 hxg1=Q+
28. Kxg1 Qc6 29. Rc5 Rf3 30. Rxc6 Rxe3 31. Rxe6 Rd3 32. Be3 Rd1+ 33. Kh2 g5 34.
Bxg5 Bd5 35. Bxd8 Bxe6 36. Bxc7 h5 37. Kg3 Rc1 38. Kh4 Rxc3 39. Kxh5 Rxc7 40. f4
Kg7 0-1

[Event "AUTO-INT-1650"]
[Site "http://www.queenalice.com/game.php?id=750131"]
[Date "2010.3.22"]
[Round "1"]
[White "subzila"]
[Black "peace"]
[Result "1-0"]
[WhiteElo "1652"]
[BlackElo "1627"]

1. e4 e5 2. Nf3 d6 3. d4 exd4 4. Qxd4 Nf6 5. Bd3 Be7 6. e5 Ng4 7. O-O dxe5 8.
Qxd8+ Kxd8 9. Nc3 c6 10. Rd1 Bd7 11. Bf5 Nf6 12. Nxe5 Rf8 13. Nxd7 Nbxd7 14. Ne4
Nxe4 15. Rxd7+ Ke8 16. Rxb7 Nd6 17. Rxe7+ Kxe7 18. Bg4 Rfe8 19. Be3 Nc4 20. Bc5+
Kd8 21. h3 Nxb2 22. Bf3 Kc7 23. Rb1 Nc4 24. Rb4 Nd2 25. Bg4 Rab8 26. c3 1-0

[Event "AUTO-INT-1650"]
[Site "http://www.queenalice.com/game.php?id=750132"]
[Date "2010.3.22"]
[Round "1"]
[White "peace"]
[Black "subzila"]
[Result "0-1"]
[WhiteElo "1612"]
[BlackElo "1667"]

1. e4 e5 2. d3 Bc5 3. Bd2 Nc6 4. Nc3 d6 5. Nf3 Bg4 6. Be2 Nf6 7. h3 Bxf3 8. Bxf3
Ne7 9. Bg5 Nd7 10. O-O f6 11. Bh4 Ng6 12. Bh5 Qe7 13. Bxg6+ hxg6 14. g3 g5 15.
Nd5 Qd8 16. Bxg5 fxg5 17. Qg4 Nf6 18. Qe6+ Kf8 19. Nxf6 gxf6 20. Qg4 Qe7 21. Kg2
Ke8 22. c4 Kf7 23. b3 Rh6 24. Rh1 Rah8 25. Rad1 a5 26. a4 Qd8 0-1

[Event "AUTO-INT-1650"]
[Site "http://www.queenalice.com/game.php?id=750145"]
[Date "2010.3.22"]
[Round "1"]
[White "peace"]
[Black "cybermalk"]
[Result "0-1"]
[WhiteElo "1714"]
[BlackElo "1503"]

1. e4 e5 2. d3 Nf6 3. Nf3 Nc6 4. Be2 Bc5 5. O-O d6 6. Bg5 h6 7. Bxf6 Qxf6 8. h3
Nd4 9. c3 Nxf3+ 10. Bxf3 Qg6 11. g4 h5 12. Kh1 hxg4 13. Rg1 Rxh3+ 14. Kg2 gxf3+
15. Kf1 Qh6 16. Nd2 Qh4 17. Qe1 Bg4 18. d4 Rh1 19. dxc5 Bh3# 0-1

[Event "AUTO-INT-1650"]
[Site "http://www.queenalice.com/game.php?id=750146"]
[Date "2010.3.22"]
[Round "1"]
[White "cybermalk"]
[Black "peace"]
[Result "1-0"]
[WhiteElo "1777"]
[BlackElo "1747"]

1. e4 e5 2. Nf3 d6 3. Bc4 Nf6 4. d3 Be7 5. Nc3 O-O 6. Bg5 h6 7. Bh4 Bg4 8. Bxf6
Bxf6 9. h3 Bxf3 10. Qxf3 c6 11. O-O-O Nd7 12. Ne2 b5 13. Bb3 a5 14. a3 a4 15.
Ba2 Nc5 16. g3 Bg5+ 17. Kb1 Qe7 18. h4 Bf6 19. Rh2 g6 20. Rdh1 Ne6 21. g4 Kg7
22. Bxe6 Qxe6 23. g5 Be7 24. gxh6+ Kh7 25. Qe3 Rh8 26. f4 exf4 27. Nxf4 Qf6 28.
h5 g5 29. Ne2 Kg8 30. Ng3 Rxh6 31. Nf5 Rh7 32. Rg1 Qe5 33. Nxe7+ Qxe7 34. Rxg5+
Rg7 35. Rxg7+ Kxg7 36. h6+ Kh7 37. Rg2 Rg8 38. Rxg8 Kxg8 39. Qg3+ Kf8 40. Qg7+
Ke8 41. h7 1-0

[Event "AUTO-INT-1650"]
[Site "http://www.queenalice.com/game.php?id=750147"]
[Date "2010.3.22"]
[Round "1"]
[White "peace"]
[Black "Kuroi"]
[Result "0-1"]
[WhiteElo "1656"]
[BlackElo "1733"]

1. e4 e5 2. d3 Nf6 3. Bg5 h6 4. Bxf6 Qxf6 5. Nf3 Bc5 6. Be2 d6 7. O-O Qg6 8. g3
Bh3 9. Re1 h5 10. Bf1 Bg4 11. Bg2 Bxf3 12. Qxf3 Nc6 13. c3 O-O-O 14. Bh3+ Kb8
15. b4 Bb6 16. Nd2 a6 17. Nc4 d5 18. exd5 Ne7 19. Rxe5 Nc8 20. Bxc8 Rxc8 21.
Nxb6 cxb6 22. Qf4 Ka7 23. Qf5 Rxc3 24. Qxg6 fxg6 25. Rd1 Ra3 26. Rd2 Ra4 27. Re4
Rd8 28. Rd4 a5 29. a3 Rxa3 30. bxa5 bxa5 31. Re2 b5 32. Re7+ Kb8 33. Rxg7 b4 34.
Rxg6 b3 35. Rb6+ Ka7 36. Rb5 Rb8 37. Rxb3 Raxb3 38. d6 Rd8 39. Rd5 Kb6 40. d4 a4
41. Rxh5 Rxd6 0-1

[Event "AUTO-INT-1650"]
[Site "http://www.queenalice.com/game.php?id=750148"]
[Date "2010.3.22"]
[Round "1"]
[White "Kuroi"]
[Black "peace"]
[Result "0-1"]
[WhiteElo "1660"]
[BlackElo "1734"]

1. e4 e5 2. Nf3 d6 3. Nc3 Nf6 4. Bc4 Bg4 5. h3 Bxf3 6. Qxf3 Be7 7. d3 O-O 8. b3
c6 9. Bg5 Nbd7 10. O-O b5 11. Bxf6 Bxf6 12. Bxb5 cxb5 13. Nxb5 a6 14. Nxd6 Qc7
15. Nc4 Rab8 16. Na3 Qa5 17. Nc4 Qb5 18. Nd6 Qc6 19. Nc4 Nc5 20. Na5 Qc8 21. c3
Rd8 22. Rad1 Nb7 23. Nc4 Nc5 24. b4 Nxd3 25. Rxd3 Qxc4 26. Rxd8+ Rxd8 27. a4 Rd3
28. Qg4 Qxc3 29. Kh2 Qxb4 30. Re1 Qxe1 31. a5 Qxa5 32. Qe2 Rd2 33. Qg4 Rxf2 34.
Kg3 Rd2 35. h4 Qc3+ 36. Kh2 h6 0-1

[Event "AUTO-INT-1506"]
[Site "http://www.queenalice.com/game.php?id=755482"]
[Date "2010.4.2"]
[Round "2"]
[White "Atarihero"]
[Black "peace"]
[Result "1-0"]
[WhiteElo "1715"]
[BlackElo "1685"]

1. e4 e5 2. Nf3 d6 3. Nc3 Nf6 4. Bc4 Be7 5. d4 exd4 6. Nxd4 O-O 7. Bf4 Nc6 8.
Qd2 Nxd4 9. Qxd4 c5 10. Qd2 a6 11. O-O-O Bg4 12. f3 Bd7 13. Bxd6 Bxd6 14. Qxd6
Rc8 15. Nd5 Nxd5 16. Bxd5 Bc6 17. Bxc6 Qxd6 18. Rxd6 bxc6 19. Rhd1 g6 20. a3
Rfe8 21. c4 a5 22. Kc2 Re6 23. Rxe6 fxe6 24. Kc3 Rc7 25. b4 axb4+ 26. axb4 cxb4+
27. Kxb4 Kf7 28. h4 h5 29. g4 Kf6 30. gxh5 gxh5 31. Kc5 1-0

[Event "AUTO-INT-1506"]
[Site "http://www.queenalice.com/game.php?id=755483"]
[Date "2010.4.2"]
[Round "2"]
[White "peace"]
[Black "Atarihero"]
[Result "0-1"]
[WhiteElo "1778"]
[BlackElo "1766"]

1. e4 e5 2. d4 exd4 3. Qxd4 Nc6 4. Qd1 Nf6 5. Bd3 d5 6. Nd2 dxe4 7. Bb5 Bf5 8.
h3 Bc5 9. Bxc6+ bxc6 10. g4 Bg6 11. b3 Qd4 12. Qe2 Qxa1 13. Kd1 Rd8 14. a4 O-O
15. f3 e3 0-1

[Event "AUTO-INT-1482"]
[Site "http://www.queenalice.com/game.php?id=765048"]
[Date "2010.4.23"]
[Round "2"]
[White "filatelista"]
[Black "peace"]
[Result "1-0"]
[WhiteElo "2123"]
[BlackElo "1598"]

1. d4 d5 2. e3 e6 3. a3 c6 4. c4 dxc4 5. Bxc4 Nf6 6. Nf3 Be7 7. Nc3 O-O 8. O-O
b5 9. Bd3 Ba6 10. Re1 Nd5 11. Bd2 Nxc3 12. bxc3 c5 13. Be4 Nc6 14. Bxc6 1-0

[Event "AUTO-INT-1482"]
[Site "http://www.queenalice.com/game.php?id=765049"]
[Date "2010.4.23"]
[Round "2"]
[White "peace"]
[Black "filatelista"]
[Result "0-1"]
[WhiteElo "1596"]
[BlackElo "2124"]

1. d4 d5 2. e3 e6 3. Nf3 Nf6 4. Be2 a6 5. O-O c5 6. dxc5 Bxc5 7. c3 Nc6 8. b4
Bd6 9. a3 O-O 10. Bb2 b5 11. Nbd2 e5 12. Qc2 Re8 0-1